00393nam a2200157Ia 4500008004100000082001000041100001900051245002400070260002100094300000800115365000600123520002900129630002400158650002900182730002400211100917s9999 xx 000 0 und d b46874 aMedelaine Duke aThe Sugar Cube Trap bWhite Lionc1974 a119 b0 aबालविभाग aThe Sugar Cube Trap aबालविभाग aThe Sugar Cube Trap